00960cam a2200193 a 4500008004100000020002300041245020800064260012000272300003500392440005300427504004100480500002000521650004400541650006800585710008600653003000100739005001700740040000900757  a1860581218 (hbk. )00aHydro power developments :bcurrent projects, rehabilitation, and power recovery /corganised by the Fluid Machinery Committee of the Power Industries Division of the Institution of Mechanical Engineers. aBury St. Edmunds :bMechanical Engineering Publications Limited for the Institution of Mechanical Engineers,c1997. a125 p. :bill., maps ;c25 cm. 0aIMechE seminar publication,x1357-9193 ;v1997-4 aIncludes bibliographical references. aIncludes index. 0aHydroelectric power plantsvCongresses. 0aHydroelectric power plantsxmaintenance and repairvCongresses.2 aInstitution of Mechanical Engineers (Great Britain).bFluid Machinery Committee .20230123134450.0 cNUST